|
|
|
|
| LEADER |
00000nam0a2200000 4500 |
| 001 |
321430 |
| 005 |
20231102003356.0 |
| 010 |
|
|
|a 9785991672153
|
| 035 |
|
|
|a (RuTPU)RU\TPU\book\346985
|
| 090 |
|
|
|a 321430
|
| 100 |
|
|
|a 20160825d2016 m y0rusy50 ca
|
| 101 |
0 |
|
|a rus
|
| 102 |
|
|
|a RU
|
| 105 |
|
|
|a y j 001zy
|
| 200 |
1 |
|
|a Психология труда
|e учебник и практикум для академического бакалавриата
|f под ред. С. Ю. Манухиной
|
| 210 |
|
|
|a Москва
|c Юрайт
|d 2016
|
| 215 |
|
|
|a 485 с.
|
| 225 |
1 |
|
|a Бакалавр. Академический курс
|
| 320 |
|
|
|a Библиогр. в конце гл.
|
| 320 |
|
|
|a Библиогр.: с. 484-485
|
| 330 |
|
|
|a В учебнике подробно рассматриваются проблемы мотивации труда, психологической работы с состоянием трудового стресса, с функциональным состоянием работника на предприятии, вопросы регламентации режима труда и отдыха, а также этапы становления профессионала, проблемы профессиональной деформации и этические принципы трудовой деятельности. Приводятся методы анализа трудовой деятельности, технологии проведения профессиографического анализа, темы профориентации и карьерного консультирования, профессионального стресса и его преодоления, мотивации персонала как инструмента управления трудовой деятельностью па предприятии.Каждую главу учебника сопровождают вопросы для обсуждения и практические задания.Содержание учебника соответствует актуальным требованиям Федерального государственного образовательного стандарта высшего образования.Для студентов высших учебных заведений, обучающихся по программам бакалавриата направлений «Психология», «Социология», «Менеджмент», «Экономика», «Управление персоналом», аспирантов, преподавателей, а также практических работников и всех, кто интересуется психологией труда.
|
| 606 |
1 |
|
|a Психология труда
|2 stltpush
|3 (RuTPU)RU\TPU\subj\53143
|9 71493
|
| 610 |
1 |
|
|a трудовая деятельность
|
| 610 |
1 |
|
|a предприятия
|
| 610 |
1 |
|
|a психологи
|
| 610 |
1 |
|
|a история
|
| 610 |
1 |
|
|a этика
|
| 610 |
1 |
|
|a трудовая мотивация
|
| 610 |
1 |
|
|a профессиональная пригодность
|
| 610 |
1 |
|
|a профессиональная ориентация
|
| 610 |
1 |
|
|a профессиональная деформация
|
| 610 |
1 |
|
|a кадровый состав
|
| 610 |
1 |
|
|a психологический отбор
|
| 610 |
1 |
|
|a аттестация
|
| 610 |
1 |
|
|a экспертиза
|
| 610 |
1 |
|
|a персонал
|
| 610 |
1 |
|
|a психологическая диагностика
|
| 610 |
1 |
|
|a организационное поведение
|
| 610 |
1 |
|
|a методы анализа
|
| 610 |
1 |
|
|a профессиография
|
| 610 |
1 |
|
|a эмоциональное выгорание
|
| 610 |
1 |
|
|a утопление
|
| 610 |
1 |
|
|a темперамент
|
| 610 |
1 |
|
|a работоспособность
|
| 610 |
1 |
|
|a дееспособность
|
| 610 |
1 |
|
|a психологические стрессы
|
| 610 |
1 |
|
|a экстремальные условия
|
| 610 |
1 |
|
|a практикумы
|
| 610 |
1 |
|
|a учебники
|
| 686 |
|
|
|a Ю941я73
|v LBC/SL-A
|2 rubbk
|
| 702 |
|
1 |
|a Манухина
|b С. Ю.
|g Светлана Юрьевна
|4 340
|
| 801 |
|
1 |
|a RU
|b 63413507
|c 20160825
|
| 801 |
|
2 |
|a RU
|b 63413507
|c 20200827
|g RCR
|
| 900 |
|
|
|a Психология труда и эргономика
|
| 942 |
|
|
|c BK
|
| 951 |
|
|
|l 8.1
|
| 959 |
|
|
|a 56/20160824
|d 1
|e 819,00
|f ЧЗГЛ:1
|